|
|
|
|
| LEADER |
00802nab a2200205 i 4500 |
| 001 |
misc64058 |
| 005 |
20230426135721.0 |
| 008 |
221206s1934 hu o 0|| hun d |
| 040 |
|
|
|a SZTE Miscellanea Repozitórium
|b hun
|
| 041 |
|
|
|a hun
|
| 100 |
1 |
|
|a Németh Gyula
|
| 245 |
1 |
0 |
|a Thúry József l. tag emlékezete
|h [elektronikus dokumentum] /
|c Németh Gyula
|
| 260 |
|
|
|a Magyar Tudományos Akadémia
|b Budapest
|c 1934
|
| 300 |
|
|
|a 25 p.
|c 22 cm
|
| 561 |
|
|
|a Németh Gyula hagyaték
|
| 591 |
|
|
|a NOA 4230; NOA 4231; NOA 4232; J/91 108; J/91 60; B 82921
|
| 650 |
|
4 |
|a Bölcsészettudományok
|
| 650 |
|
4 |
|a Nyelvek és irodalom
|
| 695 |
|
|
|a Thúry József, Turkológia - Magyarország - 19-20. sz. - életrajz
|
| 856 |
4 |
0 |
|u http://misc.bibl.u-szeged.hu/64058/1/4230_4231_4232_noa.pdf
|z Dokumentum-elérés
|